000 00749cab a2200229 4500
001 ABS52048
008 090401t1995 xxu||||| |||| 00| 0 eng d
035 _a(Sirsi) u56618
041 _aeng
100 _aPenton, J.
245 _aDesigning for disability: accessibility for all
260 _c1995
350 _a0
490 _aArchitects` Journal
_v201(1) 12 January 1995, 43-44(2)
520 _aConsiders the increasing influence of the needs of disabled people in the design of buildings.
650 _aMANAGEMENT-BUSINESS MANAGEMENT-DISCRIMINATION-DISABILITY DISCRIMINATION-ACCESSIBILITY
650 _aDISABLED PEOPLE
650 _aMOBILITY
690 _aBUILT ENVIRONMENT-CONSTRUCTION DESIGN
942 _n0
948 _c04/03/1997
999 _c34545
_d34545